[Event "I Weekend A"]
[Site "Montebelluna ITA"]
[Date "2002.03.02"]
[Round "3"]
[White "Opacic, Alexandar"]
[Black "Cacco, Christian"]
[Result "1/2-1/2"]
[WhiteElo "2112"]
[BlackElo "2254"]
[PlyCount "60"]
[EventDate "2002.03.01"]

1.e4 g6 2.d4 Bg7 3.Nc3 a6 4.a4 b6 5.Be3 Bb7 6.f4 d6 7.Nh3 c5 8.Bc4 h6 9.
O-O Nc6 10.d5 Na5 11.Be2 Qc7 12.Bf3 Nc4 13.Bc1 Bd4+ 14.Kh1 Ne3 15.Bxe3 
Bxe3 16.Ne2 c4 17.c3 g5 18.fxg5 hxg5 19.Nd4 Bc8 20.Bh5 Nf6 21.Ne6 Bxe6 22.
Rxf6 Bxh3 23.Rxf7 Bxg2+ 24.Kxg2 O-O-O 25.Bg4+ Kb8 26.Qe2 Bf4 27.h3 Rdf8 
28.Rxf8+ Rxf8 29.Rf1 Rf6 30.Rf3 Qc5 1/2-1/2

[Event "I Weekend A"]
[Site "Montebelluna ITA"]
[Date "2002.03.02"]
[Round "3"]
[White "Popa, Claudiu"]
[Black "Ronchetti, Niccolo'"]
[Result "1-0"]
[WhiteElo "2068"]
[BlackElo "1939"]
[PlyCount "96"]
[EventDate "2002.03.01"]

1.e4 c5 2.c3 d5 3.exd5 Qxd5 4.d4 Nc6 5.Nf3 Nf6 6.Be2 e6 7.O-O Be7 8.Be3 
cxd4 9.cxd4 O-O 10.Nc3 Qd8 11.a3 b6 12.Ne5 Bb7 13.Bf3 Nd5 14.Nxd5 exd5 15.
Nxc6 Bxc6 16.Rc1 Bb5 17.Re1 Qd6 18.Qd2 Bc4 19.Bf4 Qd7 20.b3 Bxa3 21.bxc4 
Bxc1 22.Rxc1 a5 23.Bxd5 Rac8 24.Qa2 Rfd8 25.Bg5 Re8 26.h3 Qf5 27.Be3 Qd3 
28.Qd2 Qb3 29.Qd1 Qxd1+ 30.Rxd1 Red8 31.Rb1 Rd6 32.Kf1 a4 33.Bf4 Rd7 34.
Rxb6 Ra7 35.Rb2 g5 36.Bd6 a3 37.Ra2 Rd8 38.Rxa3 Rad7 39.Bc5 Kg7 40.Bc6 Rc7
41.d5 Rb8 42.Bd4+ f6 43.Bb5 Kg6 44.d6 Rcc8 45.d7 Rd8 46.Bc5 Kf7 47.Ra6 
Rxb5 48.cxb5 Rxd7 1-0

[Event "I Weekend A"]
[Site "Montebelluna ITA"]
[Date "2002.03.03"]
[Round "4"]
[White "Cacco, Christian"]
[Black "Drei, Andrea"]
[Result "1-0"]
[WhiteElo "2254"]
[BlackElo "2244"]
[PlyCount "119"]
[EventDate "2002.03.01"]

1.d4 Nf6 2.Nf3 e6 3.Bg5 h6 4.Bh4 d6 5.Nbd2 g5 6.Bg3 Nh5 7.e4 Bg7 8.c3 Nd7 
9.Be2 Nxg3 10.hxg3 a6 11.a4 b6 12.Nc4 Bb7 13.Nfd2 Qe7 14.Ne3 Nf6 15.Bf3 
Rd8 16.Qc2 Qd7 17.g4 O-O 18.O-O Rfe8 19.Rad1 d5 20.e5 Nh7 21.Be2 a5 22.Bd3
Nf8 23.g3 c5 24.f4 c4 25.Be2 Bc6 26.Ra1 gxf4 27.gxf4 Qe7 28.Nf3 f6 29.Bd1 
Rd7 30.Qh2 fxe5 31.fxe5 Nh7 32.Bc2 Ng5 33.Qh5 Ne4 34.Bxe4 dxe4 35.Nd2 Rf8 
36.Ndxc4 Qd8 37.Rxf8+ Qxf8 38.Rf1 Qd8 39.Qg6 Re7 40.Nd6 Bd5 41.Rf7 Rxf7 
42.Qxf7+ Kh7 43.Qh5 Bb3 44.Nf7 Qf8 45.g5 Kg8 46.gxh6 Qxf7 47.Qxf7+ Kxf7 
48.hxg7 Kxg7 49.Kf2 Kf7 50.Kg3 Ke7 51.Kf4 Kd7 52.Kxe4 Kc6 53.c4 Bxa4 54.
d5+ exd5+ 55.cxd5+ Kc5 56.e6 Be8 57.Ke5 b5 58.d6 Kc6 59.Nc2 b4 60.Nd4+ 1-0

[Event "I Weekend A"]
[Site "Montebelluna ITA"]
[Date "2002.03.03"]
[Round "4"]
[White "Del Monaco, Andrea"]
[Black "Efimov, Igor"]
[Result "1/2-1/2"]
[WhiteElo "2192"]
[BlackElo "2444"]
[PlyCount "77"]
[EventDate "2002.03.01"]

1.e4 e5 2.Nf3 Nc6 3.Bb5 a6 4.Ba4 g6 5.O-O Bg7 6.c3 d6 7.d4 Bd7 8.d5 Nb8 9.
Bxd7+ Nxd7 10.c4 Ngf6 11.Nc3 O-O 12.Be3 Ng4 13.Bg5 Qe8 14.h3 Ngf6 15.g4 
Kh8 16.Ne1 Ng8 17.Qd2 f5 18.Nd3 h6 19.Bh4 fxg4 20.hxg4 Rf3 21.Ne1 Rf4 22.
f3 Qf7 23.Ne2 Rf8 24.Nxf4 exf4 25.Nc2 Ne5 26.Qe2 c5 27.Rab1 g5 28.Be1 Nf6 
29.Rf2 Qd7 30.Qf1 Kg8 31.Rg2 b5 32.b3 bxc4 33.bxc4 Qa4 34.Bc3 Nxc4 35.Rb7 
Rf7 36.Rb8+ Rf8 37.Rb7 Rf7 38.Rb8+ Rf8 39.Rb7 1/2-1/2

[Event "I Weekend A"]
[Site "Montebelluna ITA"]
[Date "2002.03.03"]
[Round "4"]
[White "Genocchio, Daniele"]
[Black "De Santis, Alessio"]
[Result "0-1"]
[WhiteElo "2303"]
[BlackElo "2274"]
[PlyCount "62"]
[EventDate "2002.03.01"]

1.e4 c5 2.Nf3 e6 3.d3 Nc6 4.g3 d6 5.Bg2 g6 6.O-O Bg7 7.c3 Nge7 8.Be3 O-O 
9.Nh4 Qc7 10.f4 f5 11.a4 Rb8 12.Nd2 a6 13.Ndf3 b5 14.axb5 Rxb5 15.Rf2 h6 
16.Bf1 Ra5 17.Rb1 Kh7 18.Bh3 Bd7 19.g4 Ra2 20.Rg2 fxe4 21.dxe4 d5 22.g5 h5
23.e5 Qa5 24.Nd2 d4 25.Ne4 Nd5 26.Nf6+ Rxf6 27.gxf6 Nxe3 28.Qxh5+ gxh5 29.
Rxg7+ Kh6 30.Rg6+ Kh7 31.Nf3 Kxg6 0-1

[Event "I Weekend A"]
[Site "Montebelluna ITA"]
[Date "2002.03.03"]
[Round "4"]
[White "Navarro, Stefano"]
[Black "Artizzu, Giulio"]
[Result "1/2-1/2"]
[WhiteElo "2148"]
[BlackElo "2129"]
[PlyCount "82"]
[EventDate "2002.03.01"]

1.e4 c5 2.Nf3 d6 3.d4 cxd4 4.Nxd4 Nf6 5.Nc3 a6 6.Bg5 e6 7.f4 Be7 8.Qe2 
Nbd7 9.O-O-O Qc7 10.g4 b5 11.Bg2 Bb7 12.Rhe1 Rc8 13.e5 dxe5 14.Bxb7 Qxb7 
15.fxe5 Nd5 16.Bxe7 Nxc3 17.bxc3 Kxe7 18.Qd2 Rhd8 19.Qg5+ Kf8 20.Rf1 Kg8 
21.Qe7 Nc5 22.Rxf7 Qxe7 23.Rxe7 Re8 24.Rxe8+ Rxe8 25.Nb3 Ne4 26.Rd3 Nf2 
27.Rg3 Rd8 28.Nd4 Rd5 29.Nxe6 Rxe5 30.Rf3 Rxe6 31.Rxf2 Re1+ 32.Kb2 Re4 33.
Rg2 Kf7 34.Kb3 Kf6 35.Rg3 Kg5 36.h3 Kh4 37.Rd3 h5 38.gxh5 Kxh5 39.Rd4 Re3 
40.Rd3 Re4 41.Rd4 Re3 1/2-1/2

[Event "I Weekend A"]
[Site "Montebelluna ITA"]
[Date "2002.03.03"]
[Round "4"]
[White "Ronchetti, Niccolo'"]
[Black "Opacic, Alexandar"]
[Result "1-0"]
[WhiteElo "1939"]
[BlackElo "2112"]
[PlyCount "83"]
[EventDate "2002.03.01"]

1.e4 e6 2.d4 d5 3.e5 c5 4.c3 Nc6 5.Nf3 Nge7 6.a3 a5 7.Bd3 Ng6 8.h4 Be7 9.
h5 Nh4 10.Nxh4 Bxh4 11.Qg4 Be7 12.Qxg7 Kd7 13.Qxf7 cxd4 14.Bb5 Qb6 15.a4 
Rf8 16.Qxh7 dxc3 17.O-O Kd8 18.Nxc3 Bd7 19.Qg7 Bc5 20.Bg5+ Kc7 21.Bf6 Rg8 
22.Qh6 Rg4 23.Be2 Rg3 24.Nb5+ Kb8 25.Qf4 Re3 26.h6 Nb4 27.h7 Bxb5 28.Bxb5 
Ka7 29.h8=Q Rxh8 30.Bxh8 Re4 31.Qd2 Qd8 32.Bf6 Qg8 33.Be2 Nc6 34.Bf3 Bb4 
35.Qg5 Qxg5 36.Bxg5 Rxe5 37.Bf6 Rf5 38.Bc3 Bd6 39.Bg4 Rg5 40.Bxe6 d4 41.
Bd2 Rh5 42.g3 1-0

[Event "I Weekend A"]
[Site "Montebelluna ITA"]
[Date "2002.03.03"]
[Round "4"]
[White "Torelli, Mirco"]
[Black "Popa, Claudiu"]
[Result "0-1"]
[WhiteElo "1935"]
[BlackElo "2068"]
[PlyCount "94"]
[EventDate "2002.03.01"]

1.d4 d5 2.c4 dxc4 3.Nf3 Nf6 4.e3 e6 5.Bxc4 c5 6.Nc3 a6 7.a4 Nc6 8.O-O Qc7 
9.Re1 Bd6 10.h3 O-O 11.b3 Na5 12.Qe2 cxd4 13.exd4 Nxb3 14.Bxb3 Qxc3 15.Rb1
Bd7 16.Bd2 Qc7 17.Rec1 Bc6 18.Ne5 Bxe5 19.dxe5 Nd5 20.Bxd5 exd5 21.Qg4 
Qxe5 22.Bc3 h5 23.Bxe5 hxg4 24.hxg4 Rfe8 25.Re1 f6 26.Bc3 Rxe1+ 27.Bxe1 
Bxa4 28.Rxb7 Bb5 29.g5 d4 30.gxf6 gxf6 31.Rb6 Kf7 32.Rd6 Re8 33.Bb4 d3 34.
Bc3 Ke7 35.Rd4 Rc8 36.Bd2 Rc2 37.Bb4+ Ke6 38.f4 f5 39.Rd6+ Kf7 40.Rd5 Kg6 
41.Rd6+ Kh5 42.Rd4 Kg4 43.Ba5 Ra2 44.Bc3 Re2 45.Ba5 Kg3 46.Bb4 Rxg2+ 47.
Kh1 Rb2 0-1

[Event "I Weekend A"]
[Site "Montebelluna ITA"]
[Date "2002.03.03"]
[Round "5"]
[White "Cacco, Christian"]
[Black "Genocchio, Daniele"]
[Result "1/2-1/2"]
[WhiteElo "2254"]
[BlackElo "2303"]
[PlyCount "42"]
[EventDate "2002.03.01"]

1.d4 Nf6 2.c4 e6 3.Nc3 Bb4 4.Nf3 b6 5.e3 Bb7 6.Bd3 O-O 7.O-O d5 8.Bd2 a6 
9.Rc1 Bd6 10.Ne1 Nbd7 11.f3 c5 12.b3 dxc4 13.bxc4 cxd4 14.exd4 e5 15.d5 
Nc5 16.Be3 Qc7 17.Ne4 Nfxe4 18.Bxe4 f5 19.Bb1 e4 20.f4 Rae8 21.Rc2 Nd7 
1/2-1/2

[Event "I Weekend A"]
[Site "Montebelluna ITA"]
[Date "2002.03.03"]
[Round "5"]
[White "Drei, Andrea"]
[Black "Popa, Claudiu"]
[Result "1-0"]
[WhiteElo "2244"]
[BlackElo "2068"]
[PlyCount "103"]
[EventDate "2002.03.01"]

1.e4 e5 2.Nf3 Nc6 3.Bb5 g6 4.O-O Bg7 5.c3 d6 6.d4 Bd7 7.Na3 a6 8.Bc4 b5 9.
Bb3 Nge7 10.Be3 O-O 11.Qd2 Qc8 12.Bh6 Bg4 13.Bxg7 Kxg7 14.Ne1 Na5 15.Bc2 
Be6 16.f4 exf4 17.d5 Bd7 18.b4 Nb7 19.Rxf4 c6 20.Nf3 a5 21.dxc6 Bxc6 22.
Bd3 axb4 23.cxb4 Qd7 24.Nd4 Nd8 25.Naxb5 Bxb5 26.Bxb5 Qa7 27.a4 Ne6 28.Rd1
Nxf4 29.Qxf4 d5 30.exd5 Nxd5 31.Qe5+ Nf6 32.Rf1 Qb6 33.a5 Rfe8 34.Bxe8 
Rxe8 35.axb6 Rxe5 36.Rxf6 Kxf6 37.b7 Re8 38.Nc6 Ke6 39.b8=Q Rxb8 40.Nxb8 
Kd6 41.Na6 Kc6 42.Nc5 Kb5 43.Nd3 Kc4 44.Kf2 f5 45.Ke3 g5 46.Kf3 h5 47.h4 
gxh4 48.Kf4 Kxd3 49.b5 Ke2 50.b6 Kf2 51.b7 Kxg2 52.b8=Q 1-0

[Event "I Weekend A"]
[Site "Montebelluna ITA"]
[Date "2002.03.03"]
[Round "5"]
[White "Efimov, Igor"]
[Black "De Santis, Alessio"]
[Result "1-0"]
[WhiteElo "2444"]
[BlackElo "2274"]
[PlyCount "94"]
[EventDate "2002.03.01"]

1.d4 f5 2.c4 Nf6 3.g3 g6 4.Bg2 Bg7 5.Nf3 O-O 6.O-O d6 7.d5 a5 8.Nd4 Na6 9.
Nc3 Qe8 10.Rb1 Bd7 11.b3 c6 12.Bb2 Nc7 13.Qd2 h6 14.e4 c5 15.Nde2 g5 16.f4
Qg6 17.e5 Nh7 18.e6 Be8 19.Nd1 g4 20.Ne3 b5 21.Qc2 Bxb2 22.Rxb2 Qg7 23.
Rbb1 h5 24.Kf2 b4 25.Rh1 Bg6 26.h3 a4 27.bxa4 Ne8 28.a3 bxa3 29.Ra1 gxh3 
30.Bxh3 Rb8 31.Rxa3 Rb2 32.Qc3 Nef6 33.Bg2 Ng5 34.fxg5 Ne4+ 35.Bxe4 fxe4+ 
36.Ke1 Rb1+ 37.Nd1 Qh7 38.Nf4 Rxf4 39.gxf4 e3 40.Rb3 Rxb3 41.Qxb3 e2 42.
Kxe2 Bc2 43.Qb8+ Kg7 44.Qb2+ Kg8 45.Nf2 Bxa4 46.Ra1 Qc2+ 47.Qxc2 Bxc2 1-0

[Event "I Weekend A"]
[Site "Montebelluna ITA"]
[Date "2002.03.03"]
[Round "5"]
[White "Opacic, Alexandar"]
[Black "Navarro, Stefano"]
[Result "1/2-1/2"]
[WhiteElo "2112"]
[BlackElo "2148"]
[PlyCount "51"]
[EventDate "2002.03.01"]

1.e4 e5 2.Nf3 Nc6 3.Bb5 f5 4.d3 fxe4 5.dxe4 d6 6.h3 Nf6 7.Nc3 Be7 8.Bg5 
Be6 9.Bxf6 Bxf6 10.Qd2 O-O 11.Nd5 Kh8 12.c3 a6 13.Ba4 b5 14.Bb3 Bg8 15.h4 
Ne7 16.O-O-O c5 17.Bc2 a5 18.Kb1 Qd7 19.c4 Bxd5 20.exd5 Qg4 21.Ng5 h6 22.
f3 Qf4 23.Nh7 Rfe8 24.Qxf4 exf4 25.Nxf6 gxf6 26.Rde1 1/2-1/2

[Event "I Weekend A"]
[Site "Montebelluna ITA"]
[Date "2002.03.03"]
[Round "5"]
[White "Ronchetti, Niccolo'"]
[Black "Del Monaco, Andrea"]
[Result "1-0"]
[WhiteElo "1939"]
[BlackElo "2192"]
[PlyCount "107"]
[EventDate "2002.03.01"]

1.e4 c5 2.Nf3 d6 3.d4 cxd4 4.Nxd4 Nf6 5.Nc3 g6 6.Be2 Bg7 7.Be3 Nc6 8.O-O 
O-O 9.h3 d5 10.exd5 Nxd5 11.Nxd5 Nxd4 12.Bxd4 Qxd5 13.Bxg7 Qxd1 14.Raxd1 
Kxg7 15.Bf3 e5 16.Rfe1 f6 17.b3 Rb8 18.c4 b6 19.Rd6 Bb7 20.Rd7+ Rf7 21.
Rxb7 Rfxb7 22.Bxb7 Rxb7 23.Rd1 Kf7 24.Rd8 Ke7 25.Rh8 Kd6 26.a3 e4 27.Rd8+ 
Rd7 28.Rxd7+ Kxd7 29.Kf1 f5 30.f3 exf3 31.gxf3 g5 32.h4 h6 33.h5 Kd6 34.
Ke2 g4 35.fxg4 fxg4 36.b4 Ke5 37.Ke3 a6 38.c5 bxc5 39.bxc5 Kd5 40.Kf4 g3 
41.Kxg3 Kxc5 42.Kf4 Kc4 43.Kf5 Kb3 44.Kg6 Kxa3 45.Kxh6 Ka2 46.Kg6 a5 47.h6
a4 48.h7 a3 49.h8=Q Kb1 50.Qh1+ Kb2 51.Qg2+ Kb1 52.Qf1+ Kb2 53.Qe2+ Kb1 
54.Qe1+ 1-0

[Event "I Weekend Scacchi tra le Torri A"]
[Site "Melegnano ITA"]
[Date "2002.02.22"]
[Round "1"]
[White "Barlocco, Carlo"]
[Black "Rizzuti, Pasquale"]
[Result "1-0"]
[WhiteElo "2120"]
[BlackElo "1756"]
[PlyCount "61"]
[EventDate "2002.02.22"]

1. e4 c5 2. Nf3 e6 3. d4 cxd4 4. Nxd4 d6 5. g3 Be7 6. Bg2 a6 7. O-O Nc6 8. Re1
Qc7 9. Nc3 Bd7 10. Be3 Nf6 11. f4 h5 12. Kh1 Ng4 13. Bg1 Nxd4 14. Qxd4 h4 15.
Qxg7 O-O-O 16. Qxg4 Rdg8 17. Qf3 hxg3 18. h3 f5 19. Qe3 Bf6 20. Rad1 Bxc3 21.
Qxc3 Bc6 22. Rd3 Rxh3+ 23. Bxh3 g2+ 24. Bxg2 Qh7+ 25. Rh3 Qg6 26. Rh2 Kd7 27.
Qd4 fxe4 28. Bxe4 Qg3 29. Bxc6+ bxc6 30. Qa7+ Kc8 31. Qa8+ 1-0

[Event "I Weekend Scacchi tra le Torri A"]
[Site "Melegnano ITA"]
[Date "2002.02.22"]
[Round "1"]
[White "Buccoliero, Alessandro"]
[Black "Skembris, Spyridon"]
[Result "0-1"]
[WhiteElo "1873"]
[BlackElo "2464"]
[PlyCount "52"]
[EventDate "2002.02.22"]

1. Nf3 d5 2. d4 Nc6 3. Bg5 f6 4. Bh4 Nh6 5. e3 Nf5 6. Bg3 h5 7. Be2 h4 8. Nxh4
Nxh4 9. Bxh4 Rxh4 10. Bh5+ Kd7 11. g3 Rxh5 12. Qxh5 e6 13. c3 b6 14. O-O Ba6
15. Re1 Qe8 16. Qh7 f5 17. Nd2 Qf7 18. f3 Be7 19. e4 Rf8 20. exd5 exd5 21. Qh3
g5 22. b4 Qg7 23. Qg2 Bd6 24. a4 Bc8 25. Qe2 Kd8 26. Qb5 Nxb4 0-1

[Event "I Weekend Scacchi tra le Torri A"]
[Site "Melegnano ITA"]
[Date "2002.02.22"]
[Round "1"]
[White "Cardini, Saverio"]
[Black "Molina, Fabrizio"]
[Result "0-1"]
[WhiteElo "1845"]
[BlackElo "2286"]
[PlyCount "54"]
[EventDate "2002.02.22"]

1. d4 d5 2. Nf3 c5 3. Bf4 Nf6 4. e3 e6 5. c3 Be7 6. Bd3 O-O 7. Nbd2 Nc6 8. Ne5
Nxe5 9. dxe5 Nd7 10. c4 Re8 11. O-O f6 12. Qh5 Nf8 13. Rad1 g6 14. Qf3 f5 15.
cxd5 Qxd5 16. e4 Qc6 17. Qe2 a6 18. a4 g5 19. exf5 exf5 20. Be3 f4 21. Qh5 Be6
22. Ne4 Bf7 23. Qe2 fxe3 24. fxe3 c4 25. Rxf7 cxd3 26. Qf3 Qg6 27. Rf1 Rad8 0-1

[Event "I Weekend Scacchi tra le Torri A"]
[Site "Melegnano ITA"]
[Date "2002.02.22"]
[Round "1"]
[White "Mrdja, Milan"]
[Black "Martino, Antonio"]
[Result "1-0"]
[WhiteElo "2399"]
[BlackElo "1848"]
[PlyCount "69"]
[EventDate "2002.02.22"]

1. e4 c5 2. Nf3 d6 3. d4 cxd4 4. Nxd4 Nf6 5. f3 Nc6 6. Nc3 e6 7. Bg5 a6 8. Qd2
Bd7 9. O-O-O Qa5 10. h4 O-O-O 11. Nb3 Qc7 12. Be3 Ne5 13. Qf2 Bc6 14. Bb6 Qe7
15. Bxd8 Qxd8 16. g4 Qc7 17. g5 Nh5 18. Bh3 Nf4 19. Qh2 Nxh3 20. Qxh3 Kb8 21.
f4 Nc4 22. Qd3 b5 23. a4 Be7 24. Nd4 Qb7 25. Nxc6+ Qxc6 26. axb5 axb5 27. b3
Na3 28. Kb2 Rc8 29. Kxa3 b4+ 30. Ka2 bxc3 31. Ra1 Rc7 32. Kb1 Ra7 33. Rxa7 Kxa7
34. Qd4+ Ka6 35. Rh3 1-0

[Event "I Weekend Scacchi tra le Torri A"]
[Site "Melegnano ITA"]
[Date "2002.02.23"]
[Round "2"]
[White "Montani, Francesco"]
[Black "Drazic, Sinisa"]
[Result "0-1"]
[WhiteElo "2171"]
[BlackElo "2471"]
[PlyCount "43"]
[EventDate "2002.02.22"]

1. d4 c6 2. Nf3 f5 3. h3 d5 4. Nc3 Nf6 5. Bg5 Be6 6. g4 Ne4 7. Nxe4 fxe4 8. Nd2
Qb6 9. Nb3 Nd7 10. e3 a5 11. a4 Bf7 12. Bf4 e6 13. Be2 Bb4+ 14. c3 Be7 15. f3
exf3 16. Bxf3 O-O 17. O-O e5 18. Bg3 Rac8 19. Kg2 Bg5 20. Bf2 exd4 21. exd4 Bg6
22. Re1 0-1

[Event "I Weekend Scacchi tra le Torri A"]
[Site "Melegnano ITA"]
[Date "2002.02.23"]
[Round "2"]
[White "Skembris, Spyridon"]
[Black "Raineri, Valerio"]
[Result "1-0"]
[WhiteElo "2464"]
[BlackElo "2175"]
[PlyCount "89"]
[EventDate "2002.02.22"]

1. d4 Nf6 2. c4 g6 3. Nc3 Bg7 4. e4 d6 5. Bd3 Nc6 6. Nge2 e5 7. d5 Ne7 8. O-O
O-O 9. Rb1 Ne8 10. Be3 f5 11. exf5 gxf5 12. f4 e4 13. Bc2 Nf6 14. Qd2 Kh8 15.
h3 h5 16. Nd4 a6 17. Rbd1 Qe8 18. Ne6 Bxe6 19. dxe6 Qg6 20. Nd5 Nexd5 21. cxd5
Rg8 22. Bb3 Rae8 23. Rc1 Re7 24. Rc2 Ne8 25. Ba4 b5 26. Bb3 Bf6 27. Kh1 Reg7
28. Rg1 Qh6 29. Rc6 Rg3 30. Rxa6 Be5 31. Ra8 Rxe3 32. Qxe3 Bxf4 33. Qe2 Qg5 34.
g3 Bxg3 35. Bd1 Nf6 36. Rxg8+ Kxg8 37. Qxb5 f4 38. Qb8+ Kg7 39. e7 Qh4 40. Qf8+
Kh7 41. Qf7+ Kh6 42. Qxf6+ Qxf6 43. e8=Q Qxb2 44. Qxh5+ Kg7 45. Qe2 1-0

[Event "I Weekend Scacchi tra le Torri A"]
[Site "Melegnano ITA"]
[Date "2002.02.23"]
[Round "3"]
[White "Drazic, Sinisa"]
[Black "Skembris, Spyridon"]
[Result "1/2-1/2"]
[WhiteElo "2471"]
[BlackElo "2464"]
[PlyCount "25"]
[EventDate "2002.02.22"]

1. e4 e5 2. Nf3 Nc6 3. d4 exd4 4. Nxd4 Bc5 5. Nxc6 Qf6 6. Qd2 bxc6 7. Bd3 Ne7
8. O-O Ng6 9. Qg5 Qxg5 10. Bxg5 d6 11. Re1 O-O 12. Nd2 a5 13. a4 1/2-1/2

[Event "I Weekend Scacchi tra le Torri A"]
[Site "Melegnano ITA"]
[Date "2002.02.23"]
[Round "3"]
[White "Mrdja, Milan"]
[Black "Barlocco, Carlo"]
[Result "1-0"]
[WhiteElo "2399"]
[BlackElo "2120"]
[PlyCount "95"]
[EventDate "2002.02.22"]

1. e4 c5 2. Nf3 e6 3. Qe2 Nc6 4. g3 d6 5. Bg2 Nf6 6. O-O Be7 7. Rd1 Qc7 8. d4
cxd4 9. Nxd4 Nxd4 10. Rxd4 e5 11. Rd2 Be6 12. b3 O-O 13. Bb2 Rac8 14. c4 Nd7
15. Nc3 Nc5 16. f4 exf4 17. gxf4 f6 18. Rad1 Rfe8 19. Kh1 a6 20. e5 dxe5 21.
fxe5 fxe5 22. b4 Nd7 23. c5 Bf6 24. Nd5 Bxd5 25. Bxd5+ Kh8 26. Qe4 Rb8 27. Rd3
Nf8 28. Bc1 Qe7 29. Rh3 Red8 30. Bb3 Rxd1+ 31. Bxd1 Rd8 32. Bc2 g6 33. Rd3 Rxd3
34. Bxd3 Ne6 35. Bc4 Nd4 36. Be3 Qd7 37. Qd5 Qxd5+ 38. Bxd5 Nc6 39. a4 Nxb4 40.
Bxb7 a5 41. Kg2 Kg7 42. Kf3 Bd8 43. Ke4 Kf6 44. h4 Bc7 45. Bc8 Kg7 46. Be6 Nc6
47. Bg5 Nd4 48. Bc4 1-0

[Event "I Weekend Scacchi tra le Torri A"]
[Site "Melegnano ITA"]
[Date "2002.02.24"]
[Round "4"]
[White "Barlocco, Carlo"]
[Black "Drazic, Sinisa"]
[Result "0-1"]
[WhiteElo "2120"]
[BlackElo "2471"]
[PlyCount "93"]
[EventDate "2002.02.22"]

1. d4 c5 2. c3 e6 3. Bf4 Qb6 4. Qc1 cxd4 5. cxd4 Bb4+ 6. Nd2 Nc6 7. e3 Nf6 8.
Ngf3 d5 9. Bd3 h6 10. O-O Be7 11. h3 Bd7 12. Ne5 Nb4 13. Nxd7 Kxd7 14. Bb1 Rhc8
15. Qd1 a5 16. a3 Nc6 17. b3 Nxd4 18. exd4 Qxd4 19. Nc4 Qxf4 20. Nb6+ Ke8 21.
Qd3 Kf8 22. Nxa8 Rxa8 23. Qb5 Bd6 24. g3 Qd4 25. Bd3 Bxg3 26. Qxb7 Rb8 27. Qa6
Be5 28. Rac1 g5 29. Rc8+ Rxc8 30. Qxc8+ Kg7 31. Rd1 Qf4 32. Qc5 Bd4 33. Qc2
Qg3+ 34. Kf1 Qxh3+ 35. Ke2 Qg4+ 36. Kf1 Qh3+ 37. Ke1 Qf3 38. Rd2 e5 39. Qd1
Qh1+ 40. Ke2 Qh5+ 41. Kf1 Qh3+ 42. Ke2 Nh5 43. Qf1 Qg4+ 44. f3 Ng3+ 45. Ke1
Nxf1 46. fxg4 Nxd2 47. Kxd2 0-1

[Event "I Weekend Scacchi tra le Torri A"]
[Site "Melegnano ITA"]
[Date "2002.02.24"]
[Round "4"]
[White "Skembris, Spyridon"]
[Black "Mrdja, Milan"]
[Result "1/2-1/2"]
[WhiteElo "2464"]
[BlackElo "2399"]
[PlyCount "26"]
[EventDate "2002.02.22"]

1. d4 Nf6 2. c4 g6 3. Nc3 d5 4. Nf3 Bg7 5. cxd5 Nxd5 6. e4 Nxc3 7. bxc3 O-O 8.
Ba3 b6 9. Bc4 Bb7 10. Qe2 c5 11. O-O Nd7 12. Rad1 Qc7 13. Rfe1 Rac8 1/2-1/2

[Event "I Weekend Scacchi tra le Torri A"]
[Site "Melegnano ITA"]
[Date "2002.02.24"]
[Round "5"]
[White "Buccoliero, Alessandro"]
[Black "Barlocco, Carlo"]
[Result "1/2-1/2"]
[WhiteElo "1873"]
[BlackElo "2120"]
[PlyCount "129"]
[EventDate "2002.02.22"]

1. c4 e6 2. Nc3 d5 3. cxd5 exd5 4. d4 Nf6 5. Bg5 c6 6. e3 Bf5 7. Qb3 Qb6 8.
Qxb6 axb6 9. Bxf6 gxf6 10. Nf3 Nd7 11. Be2 b5 12. O-O Nb6 13. Nd2 Bb4 14. a3
Be7 15. f3 Kd7 16. e4 Be6 17. Rad1 Na4 18. Nxa4 Rxa4 19. exd5 Bxd5 20. Ne4 Bb3
21. Rd2 Kc7 22. Nc5 Bxc5 23. dxc5 Re8 24. Bd1 Bxd1 25. Rfxd1 Re7 26. Rd8 b4 27.
R8d4 Re2 28. Rxb4 Rxb4 29. axb4 Rxb2 30. Rd4 b6 31. Rf4 b5 32. Rd4 Kb7 33. h3
Ka6 34. Kh2 Rc2 35. Rd3 Rc4 36. Rb3 Kb7 37. Kg3 Kc7 38. f4 f5 39. Kf3 Kd7 40.
g3 Rd4 41. Ke3 Re4+ 42. Kd3 Ke6 43. Rb2 Kd5 44. Rb1 h6 45. Rb2 Rd4+ 46. Kc3
Rc4+ 47. Kd3 Re4 48. Rb1 f6 49. h4 h5 50. Rb2 Re1 51. Rg2 Ra1 52. Kc3 Ra3+ 53.
Kb2 Rd3 54. Rc2 Rxg3 55. Rd2+ Kc4 56. Rd6 Kxb4 57. Rxc6 Rg2+ 58. Kc1 Kc3 59.
Rd6 b4 60. c6 b3 61. Rd1 Rc2+ 62. Kb1 Kb4 63. Rc1 Rg2 64. c7 Ka3 65. c8=Q
1/2-1/2

[Event "X Open Vallee d'Aoste A"]
[Site "Saint Vincent - Chatillon ITA"]
[Date "2002.02.09"]
[Round "1"]
[White "Chatalbashev, Boris"]
[Black "Bordi, Kevin"]
[Result "1-0"]
[WhiteElo "2529"]
[BlackElo "2143"]
[PlyCount "47"]
[EventDate "2002.02.09"]

1. g3 d5 2. Bg2 c6 3. Nf3 Nf6 4. O-O Bf5 5. d3 e6 6. Qe1 Be7 7. Nc3 h6 8. e4
Bh7 9. h4 dxe4 10. dxe4 Nbd7 11. Bf4 Qa5 12. e5 Ng4 13. Rd1 Qc7 14. Qe2 O-O-O
15. Nd4 g5 16. Qxg4 h5 17. Qxh5 Bxc2 18. Qxf7 Rh7 19. Qxe6 Bxd1 20. hxg5 Bh5
21. g6 Bxg6 22. Qxg6 Nf8 23. Qf5+ Qd7 24. Be4 1-0

[Event "X Open Vallee d'Aoste A"]
[Site "Saint Vincent - Chatillon ITA"]
[Date "2002.02.09"]
[Round "1"]
[White "Cvitan, Ognjen"]
[Black "Flear, Christine"]
[Result "1-0"]
[WhiteElo "2550"]
[BlackElo "2164"]
[PlyCount "63"]
[EventDate "2002.02.09"]

1. c4 e6 2. d4 d5 3. Nc3 Be7 4. Nf3 Nf6 5. Bg5 Nbd7 6. e3 h6 7. Bh4 Ne4 8. Bxe7
Qxe7 9. Qc2 Nxc3 10. Qxc3 dxc4 11. Bxc4 O-O 12. O-O c5 13. Rfd1 a6 14. Rac1 b6
15. dxc5 Nxc5 16. Qb4 Bb7 17. Be2 Rab8 18. Qf4 Bxf3 19. Bxf3 e5 20. Qc4 e4 21.
Be2 a5 22. Rd5 Rbd8 23. Rcd1 Qf6 24. R1d2 Rxd5 25. Qxd5 Nd3 26. Bxd3 exd3 27.
Qxd3 Rc8 28. h3 Rc1+ 29. Kh2 Qe5+ 30. f4 Qe6 31. a3 b5 32. Qxb5 1-0

[Event "X Open Vallee d'Aoste A"]
[Site "Saint Vincent - Chatillon ITA"]
[Date "2002.02.09"]
[Round "1"]
[White "Dominguez Perez, Leinier"]
[Black "Yeuillaz, Corrado"]
[Result "1-0"]
[WhiteElo "2594"]
[BlackElo "2251"]
[PlyCount "125"]
[EventDate "2002.02.09"]

1. e4 e6 2. d4 d5 3. Nc3 Nf6 4. Bg5 dxe4 5. Nxe4 Be7 6. Bxf6 gxf6 7. Qd3 Qd5 8.
Nc3 Qa5 9. O-O-O c6 10. g3 Na6 11. a3 Bd7 12. Nf3 b5 13. Nd2 Rd8 14. Nb3 Qb6
15. Qe3 Nc7 16. Qh6 Nd5 17. Ne4 f5 18. Ng5 Rb8 19. Qg7 Bxg5+ 20. Qxg5 Qd8 21.
Qd2 O-O 22. Bg2 Kh8 23. Nc5 Bc8 24. Bxd5 cxd5 25. Qf4 Rb6 26. Qe5+ f6 27. Qe3
Qd6 28. Rhe1 Re8 29. f4 Rc6 30. b4 Rc7 31. Qf3 Qf8 32. Re3 Qf7 33. Rde1 Rce7
34. Kb1 Kg8 35. Kb2 Kh8 36. Qe2 a6 37. Qd2 Kg7 38. a4 bxa4 39. Ra3 Rc7 40. Rxa4
Rc6 41. Qd3 Rd8 42. Rea1 Rdd6 43. Nxa6 Bxa6 44. Rxa6 Rxa6 45. Rxa6 Qb7 46. Ra4
Rb6 47. c3 Kh6 48. Kb3 Rc6 49. Ra5 Qf7 50. Ra6 Rc8 51. Qe3 Re8 52. Qe2 Re7 53.
Ra1 Qe8 54. Kb2 Rb7 55. g4 Qb8 56. gxf5 exf5 57. Qe3 Kg7 58. Kb3 Qc8 59. Qd3
Qc6 60. Qa6 Rb6 61. Qd3 Rb7 62. Ra5 Qe6 63. Qg3+ 1-0

[Event "X Open Vallee d'Aoste A"]
[Site "Saint Vincent - Chatillon ITA"]
[Date "2002.02.09"]
[Round "1"]
[White "Eschmann, Patrick"]
[Black "Babula, Vlastimil"]
[Result "1/2-1/2"]
[WhiteElo "2167"]
[BlackElo "2551"]
[PlyCount "85"]
[EventDate "2002.02.09"]

1. e4 c5 2. c3 d5 3. exd5 Qxd5 4. d4 Nf6 5. Nf3 Bg4 6. Be2 cxd4 7. cxd4 e6 8.
Nc3 Qa5 9. h3 Bh5 10. O-O Nc6 11. Be3 Bb4 12. Qb3 O-O 13. a3 Bxc3 14. bxc3 Nd5
15. Rfc1 Qc7 16. c4 Nxe3 17. Qxe3 Rfd8 18. Rd1 Rd7 19. g4 Bg6 20. d5 exd5 21.
cxd5 Ne7 22. Rac1 Qb6 23. Qxb6 axb6 24. d6 Nc6 25. Rxc6 bxc6 26. Ne5 Raa7 27.
Nxd7 Rxd7 28. Bf3 c5 29. Bc6 Rd8 30. d7 Kf8 31. Bb5 Ke7 32. f4 Bc2 33. Re1+ Kd6
34. Re8 Kc7 35. Kf2 Bb3 36. f5 g5 37. Kg3 Bd5 38. h4 h6 39. hxg5 hxg5 40. Kf2
Bb7 41. Re7 Bd5 42. Re8 Bb7 43. Re7 1/2-1/2

[Event "X Open Vallee d'Aoste A"]
[Site "Saint Vincent - Chatillon ITA"]
[Date "2002.02.09"]
[Round "1"]
[White "Glek, Igor V."]
[Black "Wyss, Thomas"]
[Result "1-0"]
[WhiteElo "2601"]
[BlackElo "2268"]
[PlyCount "47"]
[EventDate "2002.02.09"]

1. e4 c5 2. Nf3 e6 3. d3 d5 4. Qe2 Nf6 5. g3 Be7 6. Bg2 Nc6 7. O-O O-O 8. e5
Nd7 9. c4 Nb6 10. h4 Bd7 11. Bf4 Nd4 12. Nxd4 cxd4 13. Nd2 Bc6 14. Rad1 dxc4
15. dxc4 d3 16. Qg4 Qd4 17. b3 Bxg2 18. Kxg2 Rfd8 19. Nf3 Qe4 20. Rfe1 Qc6 21.
Re3 a5 22. Rexd3 Qe4 23. Rd4 Qe2 24. Bh6 1-0